Statistics for Top Scorers/Most Capped Players for The Netherlands

Click here to take the quiz!

General Stats

  • This quiz has been taken 99 times
  • The average score is 11 of 20

Answer Stats

PlaceGoalsPlayer% Correct
150Robin Van Persie
94%
7102Robin van Persie
94%
933Johan Cruyff
85%
996Arjen Robben
82%
537Arjen Robben
82%
1031Wesley Sneijder
76%
1134Wesley Sneijder
76%
735Ruud Van Nistelrooy
74%
2130Edwin van der Sar
71%
437Dennis Bergkamp
63%
340Patrick Kluivert
50%
6104Dirk Kuyt
47%
1087Clarence Seedorf
44%
5106Giovanni van Bronckhorst
44%
242Klass-Jan Huntelaar
41%
4109Rafael van der Vaart
38%
8101Phillip Cocu
35%
3112Frank de Boer
13%
833Abe Lenstra
5%
635Fass Wilkes
1%

Score Distribution

Percentile by Number Answered

Percent of People with Each Score

Your Score History

You have not taken this quiz